|
|
|
|
| LEADER |
00939cam a2200265 7i4500 |
| 001 |
0000067964 |
| 005 |
20220412090000.0 |
| 020 |
|
|
|a 9780323594844 (electronic book)
|
| 090 |
0 |
0 |
|a QP101
|b .P37 2019
|
| 100 |
1 |
|
|a Pappano, Achilles J
|
| 245 |
1 |
0 |
|a Cardiovascular physiology
|c Achilles J. Pappano, Withrow Gil Wier.
|
| 250 |
|
|
|a 11th edition.
|
| 264 |
|
|
|a Philadelphia, PA:
|b Elsevier,
|c 2019.
|
| 300 |
|
|
|a 1 online resource (267 pages):
|b illustrations, text file, PDF.
|
| 336 |
|
|
|a text
|2 rdacontent
|
| 337 |
|
|
|a computer
|2 rdamedia
|
| 338 |
|
|
|a online resource
|2 rdacarrier
|
| 650 |
|
0 |
|a Cardiovascular Physiological Phenomena
|
| 650 |
|
0 |
|a Cardiovascular system --
|x Physiology
|
| 655 |
|
0 |
|a Electronic books
|
| 700 |
1 |
|
|a Wier, Withrow Gil
|
| 856 |
4 |
2 |
|u http://library.unisel.edu.my/web/guest/mylibrary
|
| 997 |
|
|
|a Health Sciences, Faculty
|
| 998 |
|
|
|a Nursing, Diploma
|
| 999 |
|
|
|a EBO0012302
|b EBOOK
|c EBOOK
|e Electronic resources
|